Statistiques concernant Films en Dessins Minimalistes

Cliquez ici pour prendre le quiz!

Statistiques générales

  • Ce quiz a été pris 1 547 fois
  • Le résultat moyen est 8 sur 16

Statistiques - réponses

Réponse% Correct
Ça
92%
Matrix
79%
Shining
73%
Forrest Gump
71%
Titanic
66%
Inception
65%
Fight Club
63%
Charlie et la Chocolaterie
54%
Kill Bill vol.1
54%
Star Wars: Un Nouvel Espoir
51%
Le Silence des Agneaux
47%
Les Aventuriers de l'Arche Perdue
30%
Retour vers le Futur 2
29%
SOS Fantômes
20%
Le Magicien d'Oz
14%
Citizen Kane
8%

Distribution des résultats

Percentile par nombre de réponses

% des personnes avec chaque résultat

Votre développement - résultats

Vous n’avez pas pris ce quiz